| 000 | 00390nam a2200133Ia 4500 | ||
|---|---|---|---|
| 005 | 20260326235442.0 | ||
| 008 | 260326s9999||||xx |||||||||||||| ||und|| | ||
| 100 | _aViñuales, Graciela María | ||
| 245 | 0 |
_aPatrimonio Urbano y arquitectónico de Bahia Blanca / _cGraciela María Viñuales |
|
| 260 | _bLa Nueva Provincia | ||
| 300 | _a143 p. | ||
| 650 | _aARQUITECTURA COLONIAL | ||
| 942 | _cBK | ||
| 999 |
_c7444 _d7444 |
||